| 000 | 00447nam a2200169Ia 4500 | ||
|---|---|---|---|
| 008 | 210210b1997 xxu||||| |||| 00| 0 eng d | ||
| 020 | _a0 7167 3028 6 | ||
| 082 | _a543 ROBC | ||
| 100 | _aROBERTS (Julian) & Others. | ||
| 245 | _aChemistry in the laboratory. Ed.4 | ||
| 250 | _a | ||
| 260 |
_aNY _bW H freeman & Co _c1997 |
||
| 300 | _axi,524 | ||
| 650 | _aPractical chemistry Laboratory chemistry | ||
| 690 | _aChemistry | ||
| 906 | _a055779 | ||
| 999 |
_c103421 _d103421 |
||